Ekonomické dopady letiska Poprad na miestnu ekonomiku a cestovný ruch bakalárska práca

Saved in:
Bibliographic Details
Main Author: Marušinec, Peter
Corporate Author: Podnikovohospodárska fakulta EU so sídlom v Košiciach. Katedra obchodného podnikania
Other Authors: Weiss, Erik, 1979-
Format: Book
Language:Slovak
Published: Košice 2025
Tags: Add Tag
No Tags, Be the first to tag this record!

MARC

LEADER 00000nbm a2200000 4500
001 0310883
005 20260203130122.2
041 0 |a slo 
044 |a SK 
245 1 0 |a Ekonomické dopady letiska Poprad na miestnu ekonomiku a cestovný ruch  |b bakalárska práca  |c Peter Marušinec ; školiteľ: Erik Weiss 
264 1 |a Košice  |c 2025 
300 |a 48 s. 
100 1 |a Marušinec, Peter 
700 1 |a Weiss, Erik, 1979- 
710 2 |a Podnikovohospodárska fakulta EU so sídlom v Košiciach. Katedra obchodného podnikania